000 00610nam a2200217 i 4500
001 bg
100 1 _aKALISZ, Józef.
245 1 0 _aZbiór zadań z fizyki z rozwiązaniami /
_cJ. Kalisz, M. Massalska, J. Massalski.
250 _aWyd.3 popr. i uzup.
260 _aWarszawa :
_bPańst. Wydaw. Naukowe,
_c1965.
300 _a542, [1] s. :
_brys., wykr. ;
_c21 cm.
650 9 _aFizyka
655 _aĆwiczenia i zadania
700 1 _aMASSALSKA, M.
700 1 _aMASSALSKI, J.
040 _cBPK
041 0 _apl
080 _a53(075.80(076)
942 _cKS
008 s pl f |000 0 pol
999 _c31967
_d31967
856 _uhttp://koha.tu.koszalin.pl/cgi-bin/koha/opac-detail.pl?biblionumber=31967
_yKatalog online BPK